Normal view
MARC view
Entry Topical Term
001 - CONTROL NUMBER
- control field: 67552
003 - CONTROL NUMBER IDENTIFIER
- control field: dpl
005 - DATE AND TIME OF LATEST TRANSACTION
- control field: 20240618115158.0
008 - FIXED-LENGTH DATA ELEMENTS
- fixed length control field: 240618|| aca||aabn | a|a d
040 ## - CATALOGING SOURCE
- Original cataloging agency: dpl
- Transcribing agency: dpl
150 ## - HEADING--TOPICAL TERM
- Topical term or geographic name as entry element: Computer
670 ## - SOURCE DATA FOUND
- Source citation: Work cat.: (dpl)203621: Erl, Thomas 67551, Cloud Computing:, 2024
